[Event "Montreal CC-ch"]
[Site "Montreal CAN"]
[Date "2023.06.18"]
[Round "5.6"]
[White "Genzling, Jerome"]
[Black "Kozlov, Guennadi"]
[Result "1-0"]
[WhiteElo "2157"]
[BlackElo "1739"]
[PlyCount "127"]
[EventDate "2023.06.16"]
[EventType "swiss"]
[EventRounds "5"]
[EventCountry "CAN"]

1. e4 e6 2. d4 d5 3. e5 c5 4. c3 Nc6 5. Nf3 Qb6 6. a3 a5 7. Bd3 Bd7 8. Bc2 cxd4
9. cxd4 Nge7 10. Nc3 Ng6 11. O-O Be7 12. Na4 Qc7 13. Be3 b5 14. Nc3 Qb7 15. a4
b4 16. Ne2 Rc8 17. Nd2 O-O 18. f4 f5 19. Nc1 Nb8 20. Bd3 Rc7 21. Ndb3 Qb6 22.
Nc5 Bxc5 23. dxc5 Qa7 24. Qe2 Nc6 25. Nb3 Nge7 26. Bb5 Qa8 27. Bf2 Nc8 28. Rfc1
N8a7 29. Kh1 Qe8 30. Rg1 h5 31. Rgd1 Qg6 32. Rd3 Qg4 33. Qd2 Qg6 34. Rh3 Qh6
35. Be2 g6 36. Bh4 Kf7 37. Bg5 Qh7 38. Qd1 Ke8 39. Rh4 Qg8 40. Rc1 Rf7 41. Bb5
Rh7 42. Qd3 Qf7 43. Kg1 Qg8 44. Kf2 Qf7 45. Rh1 Kf8 46. Bf6 Be8 47. Rh3 Qg8 48.
Re3 Qf7 49. Rg1 Qg8 50. g3 Qf7 51. Rg2 Qg8 52. Re1 Qf7 53. Reg1 Qg8 54. h3 Qf7
55. Kf1 Qg8 56. g4 hxg4 57. hxg4 Qf7 58. gxf5 exf5 59. Nxa5 Nxa5 60. Bxe8 Kxe8
61. Rxg6 Qe6 62. Rg8+ Kd7 63. Rd8+ Kc6 64. Qa6+ 1-0

[Event "Montreal CC-ch"]
[Site "Montreal CAN"]
[Date "2023.06.18"]
[Round "5.7"]
[White "Guillemette, Hugo"]
[Black "Millette, Sylvain"]
[Result "1-0"]
[WhiteElo "2125"]
[BlackElo "1548"]
[PlyCount "79"]
[EventDate "2023.06.16"]
[EventType "swiss"]
[EventRounds "5"]
[EventCountry "CAN"]

1. e4 Nf6 2. e5 Nd5 3. d4 d6 4. c4 Nb6 5. exd6 exd6 6. Nc3 Nc6 7. Be3 Be7 8.
Bd3 Bf6 9. Nge2 Bg4 10. h3 Bh5 11. Qd2 Bg6 12. Bxg6 hxg6 13. b3 O-O 14. Rd1 a5
15. O-O Ne7 16. Nf4 Nf5 17. Nfd5 Nxd5 18. Nxd5 Nxe3 19. Qxe3 Re8 20. Qf3 c6 21.
Nc3 Qd7 22. Ne4 Be7 23. d5 c5 24. Nc3 Qf5 25. Qxf5 gxf5 26. Nb5 Rac8 27. f4 g6
28. Rde1 Bf8 29. g4 fxg4 30. hxg4 f6 31. Re6 Rxe6 32. dxe6 f5 33. Re1 Be7 34.
g5 Rd8 35. Nc7 Kg7 36. Nd5 Re8 37. Kf2 Kf8 38. Nf6 Rd8 39. Rh1 Kg7 40. Rh7+ 1-0

[Event "Montreal CC-ch"]
[Site "Montreal CAN"]
[Date "2023.06.18"]
[Round "5.8"]
[White "Gauthier, Luc"]
[Black "Bain-Thouvarez, Aurelien"]
[Result "0-1"]
[WhiteElo "1694"]
[BlackElo "1883"]
[PlyCount "74"]
[EventDate "2023.06.16"]
[EventType "swiss"]
[EventRounds "5"]
[EventCountry "CAN"]

1. e4 e5 2. f4 exf4 3. Nf3 h6 4. d4 g5 5. g3 d5 6. e5 g4 7. Nh4 f3 8. Bd3 Be7
9. Nf5 Bg5 10. Ng7+ Kf8 11. Nh5 Bxc1 12. Qxc1 Qg5 13. Nf4 Nc6 14. Qe3 Nge7 15.
c3 Bf5 16. Nd2 Nd8 17. Kf2 Ne6 18. Bb5 Nxf4 19. Qxf4 Qxf4 20. gxf4 Ng6 21. Kg3
h5 22. h4 a6 23. Ba4 Kg7 24. Nf1 Ne7 25. Ne3 Be4 26. Bc2 Kg6 27. Bb3 b5 28.
Rhg1 a5 29. Rac1 Ra6 30. Kf2 f6 31. Bc2 Bxc2 32. Rxc2 Rd8 33. b3 Rc6 34. Rgc1
Nf5 35. Re1 Nxh4 36. c4 fxe5 37. fxe5 Nf5 0-1

[Event "Montreal CC-ch"]
[Site "Montreal CAN"]
[Date "2023.06.18"]
[Round "5.9"]
[White "Chasles, Jean-Benoit"]
[Black "Chaudari, Prabhas"]
[Result "1-0"]
[WhiteElo "1829"]
[BlackElo "1523"]
[PlyCount "79"]
[EventDate "2023.06.16"]
[EventType "swiss"]
[EventRounds "5"]
[EventCountry "CAN"]

1. e4 c5 2. Nf3 e6 3. d4 cxd4 4. Nxd4 a6 5. Nc3 Qc7 6. Bd3 Bb4 7. Bd2 Nf6 8.
O-O Be7 9. Qf3 O-O 10. Rfe1 d6 11. Qg3 Re8 12. Bh6 Bf8 13. Bg5 Be7 14. Nf3 Nc6
15. Re2 b5 16. a3 Bb7 17. Rc1 Ne5 18. Nxe5 dxe5 19. Kh1 Nh5 20. Qh4 Bxg5 21.
Qxh5 Bf6 22. Re3 g6 23. Qh6 Bg7 24. Qh4 Rf8 25. Rh3 h6 26. g4 Qd8 27. Qg3 Qg5
28. Rg1 Rad8 29. Qf3 Rd7 30. Qe2 Qd8 31. Rhg3 Kh7 32. h3 Bf6 33. Nd1 Qa5 34.
Ne3 Bg5 35. Ng2 f5 36. Nh4 Bxh4 37. gxf5 Bxg3 38. fxg6+ Kg7 39. Rxg3 Rd4 40. f3
{time} 1-0

[Event "Montreal CC-ch"]
[Site "Montreal CAN"]
[Date "2023.06.18"]
[Round "5.10"]
[White "Allaire, Denis"]
[Black "Ramesan, Raunak Amit"]
[Result "1-0"]
[WhiteElo "1691"]
[BlackElo "1478"]
[PlyCount "91"]
[EventDate "2023.06.16"]
[EventType "swiss"]
[EventRounds "5"]
[EventCountry "CAN"]

1. e4 e5 2. Nf3 Nc6 3. Bc4 Nf6 4. d4 exd4 5. O-O Bc5 6. e5 d5 7. exf6 dxc4 8.
fxg7 Rg8 9. Bg5 Be7 10. Bxe7 Qxe7 11. Nxd4 Nxd4 12. Qxd4 Be6 13. Re1 Qd7 14.
Qf6 Qe7 15. Qe5 O-O-O 16. Nc3 Rde8 17. Nd5 Bxd5 18. Qxe7 Rxe7 19. Rxe7 Rxg7 20.
g3 Be6 21. Rd1 Rg8 22. Re1 Rd8 23. R7xe6 fxe6 24. Re2 Rd1+ 25. Kg2 Ra1 26. a3
Rd1 27. Kf3 Kd7 28. c3 Kd6 29. Kf4 Rd5 30. g4 h5 31. h3 b5 32. f3 c5 33. h4 a5
34. g5 Rf5+ 35. Kg3 b4 36. f4 Ke7 37. Kf3 Kf7 38. Ke4 Rd5 39. Rf2 Rf5 40. Rd2
Ke7 41. Rg2 Kf7 42. g6+ Kg7 43. Rg5 Rd5 44. Rxd5 exd5+ 45. Kxd5 Kxg6 46. Ke6
1-0

[Event "Montreal CC-ch"]
[Site "Montreal CAN"]
[Date "2023.06.18"]
[Round "5.11"]
[White "Mourad, Michel"]
[Black "Miron, Gilles"]
[Result "1-0"]
[WhiteElo "1606"]
[BlackElo "1332"]
[PlyCount "47"]
[EventDate "2023.06.16"]
[EventType "swiss"]
[EventRounds "5"]
[EventCountry "CAN"]

1. d4 d5 2. c4 e6 3. Nc3 Nf6 4. Bg5 c6 5. e3 Be7 6. Nf3 h6 7. Bh4 Nbd7 8. c5
O-O 9. Bd3 b5 10. b4 a5 11. a3 axb4 12. axb4 Rxa1 13. Qxa1 Bb7 14. O-O Nb8 15.
Qa7 Qc8 16. Ra1 Na6 17. Rxa6 Bxa6 18. Qxe7 Re8 19. Qd6 Bb7 20. Bxf6 gxf6 21.
Qg3+ Kf8 22. Qf4 Qb8 23. Qxf6 Qa8 24. Ne5 1-0

[Event "Montreal CC-ch"]
[Site "Montreal CAN"]
[Date "2023.06.18"]
[Round "5.12"]
[White "Lauzon, Francois"]
[Black "Varfalvy, Peter"]
[Result "0-1"]
[WhiteElo "1245"]
[BlackElo "1556"]
[PlyCount "62"]
[EventDate "2023.06.16"]
[EventType "swiss"]
[EventRounds "5"]
[EventCountry "CAN"]

1. e4 c6 2. Nf3 d5 3. e5 Bg4 4. d4 e6 5. a3 Nd7 6. Be3 c5 7. c4 cxd4 8. Bxd4
Bc5 9. cxd5 Bxf3 10. gxf3 Qb6 11. Bxc5 Qxc5 12. Nc3 Nxe5 13. Bb5+ Ke7 14. dxe6
fxe6 15. f4 Rf8 16. Rf1 Rxf4 17. Qe2 a6 18. Ba4 Nf6 19. Kd1 Rd8+ 20. Kc2 Ne4
21. Rad1 Rxd1 22. Kxd1 Nxc3+ 23. bxc3 Rxa4 24. Re1 Qxc3 25. Qxe5 Rd4+ 26. Qxd4
Qxd4+ 27. Ke2 Qc4+ 28. Kf3 b5 29. Re3 a5 30. Re4 Qb3+ 31. Re3 a4 0-1

[Event "Nova Scotia Closed"]
[Site "Halifax CAN"]
[Date "2023.08.25"]
[Round "1"]
[White "Dorrance, Adam"]
[Black "Dec, Paul"]
[Result "1-0"]
[WhiteElo "2397"]
[BlackElo "2000"]
[PlyCount "81"]
[EventDate "2023.08.25"]
[EventType "tourn"]
[EventRounds "5"]
[EventCountry "CAN"]

1. c4 g6 2. Nc3 Bg7 3. d4 d6 4. e4 Nf6 5. Be2 O-O 6. Be3 e5 7. d5 a5 8. g4 Na6
9. g5 Ne8 10. h4 f5 11. gxf6 Bxf6 12. h5 g5 13. h6 Nc5 14. Nf3 Kh8 15. Nh2 Bh3
16. Bg4 Bxg4 17. Nxg4 Be7 18. Qe2 Nf6 19. Nxf6 Bxf6 20. O-O-O Rg8 21. Rdg1 Qe7
22. Bxc5 dxc5 23. Nd1 Rg6 24. Ne3 Rag8 25. Qg4 Qd6 26. Rd1 Be7 27. Nf5 Qd7 28.
d6 Bf8 29. dxc7 Qxc7 30. Rd5 Rf6 31. Rhd1 Bxh6 32. Rd7 Qc6 33. R7d6 Rxd6 34.
Rxd6 Qa4 35. Nxh6 Qxc4+ 36. Kb1 Rf8 37. Nf5 Rxf5 38. Qxf5 Qf1+ 39. Kc2 Qc4+ 40.
Kd1 Qf1+ 41. Kd2 1-0

[Event "Nova Scotia Closed"]
[Site "Halifax CAN"]
[Date "2023.08.25"]
[Round "1"]
[White "Kapra, Jerjis"]
[Black "Ramirez-Orta, Juan"]
[Result "1-0"]
[WhiteElo "2246"]
[BlackElo "2059"]
[PlyCount "59"]
[EventDate "2023.08.25"]
[EventType "tourn"]
[EventRounds "5"]
[EventCountry "CAN"]

1. e4 e6 2. d4 d5 3. e5 c5 4. c3 Nc6 5. Nf3 Qb6 6. Bd3 Nh6 7. O-O cxd4 8. cxd4
Nf5 9. Bxf5 exf5 10. Nc3 Be6 11. Na4 Qc7 12. Be3 h6 13. Ne1 Be7 14. Rc1 b6 15.
Nd3 Qd7 16. Nc3 O-O 17. Re1 Rfc8 18. Qh5 Bf8 19. Qf3 Rd8 20. Nf4 Rac8 21. Nh5
Kh8 22. Qg3 Qe7 23. Nb5 Na5 24. b3 Rxc1 25. Rxc1 Rc8 26. h3 a6 27. Rxc8 Bxc8
28. Nc3 Qa3 29. Nxd5 Qxa2 30. Bxh6 1-0

[Event "Nova Scotia Closed"]
[Site "Halifax CAN"]
[Date "2023.08.25"]
[Round "1"]
[White "Mayo, Alvah"]
[Black "Gonzalez-Cueto, Jose"]
[Result "1-0"]
[WhiteElo "2230"]
[BlackElo "2004"]
[PlyCount "67"]
[EventDate "2023.08.25"]
[EventType "tourn"]
[EventRounds "5"]
[EventCountry "CAN"]

1. d4 Nf6 2. c4 g6 3. Nc3 Bg7 4. e4 d6 5. f3 O-O 6. Be3 Nbd7 7. Qd2 c5 8. Nge2
a6 9. g4 Qa5 10. g5 Nh5 11. Nc1 cxd4 12. Bxd4 Bxd4 13. Qxd4 Qxg5 14. Nd5 Qh4+
15. Qf2 Qxf2+ 16. Kxf2 e6 17. Nc3 b6 18. N1e2 Nc5 19. Rd1 Nb7 20. Na4 b5 21.
Nb6 Rb8 22. cxb5 axb5 23. b4 e5 24. Nc3 Be6 25. Bxb5 f5 26. Bd7 Kf7 27. a4 Ke7
28. Bxe6 Kxe6 29. a5 Rf7 30. Rhf1 Rc7 31. Rc1 Nd8 32. Ke3 f4+ 33. Kd3 Nc6 34.
Ncd5 1-0

[Event "Nova Scotia Closed"]
[Site "Halifax CAN"]
[Date "2023.08.26"]
[Round "2"]
[White "Dec, Paul"]
[Black "Ramirez-Orta, Juan"]
[Result "1-0"]
[WhiteElo "2000"]
[BlackElo "2059"]
[PlyCount "161"]
[EventDate "2023.08.25"]
[EventType "tourn"]
[EventRounds "5"]
[EventCountry "CAN"]

1. e4 e6 2. d4 d5 3. Nd2 Nf6 4. e5 Nfd7 5. f4 c5 6. c3 cxd4 7. cxd4 Nc6 8. Ndf3
Qb6 9. g3 Bb4+ 10. Kf2 f6 11. Kg2 O-O 12. h4 fxe5 13. fxe5 Ndxe5 14. dxe5 Nxe5
15. Qe2 Ng4 16. Bf4 Bd7 17. Nh3 a6 18. Ne5 Nxe5 19. Bxe5 Rf5 20. Ng5 Raf8 21.
Qh5 h6 22. Qg6 Rxg5 23. hxg5 Qf2+ 24. Kh3 Qf5+ 25. Qxf5 Rxf5 26. Bc3 Bd6 27.
Be2 Rxg5 28. Rhg1 e5+ 29. g4 d4 30. Bd2 Rh5+ 31. Kg3 e4+ 32. Bf4 Bxf4+ 33. Kxf4
Rh2 34. Bc4+ Kh8 35. Kxe4 Rxb2 36. Kxd4 b5 37. Bb3 a5 38. Kc3 Rh2 39. Rad1 b4+
40. Kc4 Be6+ 41. Kb5 Bxb3 42. axb3 Rb2 43. Kxa5 Rxb3 44. Rb1 Ra3+ 45. Kxb4 Ra8
46. Kc5 Ra5+ 47. Rb5 Ra2 48. Kd5 Kh7 49. Ke4 Re2+ 50. Kf3 Ra2 51. Re1 Ra3+ 52.
Re3 Ra1 53. Re7 Rf1+ 54. Kg2 Rf6 55. Rf5 Ra6 56. Rff7 Rg6 57. Kf3 Kg8 58. Kf4
Rg5 59. Rf5 Rg6 60. Re8+ Kh7 61. Rff8 Ra6 62. Kf5 Ra5+ 63. Re5 Ra6 64. g5 hxg5
65. Kxg5 Ra1 66. Rf4 Ra8 67. Rf7 Kg8 68. Ree7 Ra5+ 69. Kf4 Ra4+ 70. Kf5 Ra5+
71. Ke6 Rg5 72. Re8+ Kh7 73. Rf5 Rg1 74. Kf7 g6 75. Rf6 Rg2 76. Re3 Rh2 77. Rg3
Rh1 78. Rgxg6 Rh2 79. Rg7+ Kh8 80. Kf8 Rf2 81. Rh7+ 1-0

[Event "Nova Scotia Closed"]
[Site "Halifax CAN"]
[Date "2023.08.26"]
[Round "2"]
[White "Dorrance, Adam"]
[Black "Mayo, Alvah"]
[Result "0-1"]
[WhiteElo "2397"]
[BlackElo "2230"]
[PlyCount "121"]
[EventDate "2023.08.25"]
[EventType "tourn"]
[EventRounds "5"]
[EventCountry "CAN"]

1. d4 Nf6 2. c4 c5 3. e3 g6 4. Nc3 Bg7 5. Nf3 O-O 6. d5 d6 7. Be2 a6 8. a4 b6
9. O-O Nbd7 10. h3 Rb8 11. Qc2 Ne8 12. e4 Nc7 13. Bf4 Ne5 14. Nxe5 dxe5 15. Bh2
Qd6 16. f4 Bd7 17. Kh1 exf4 18. Bxf4 Be5 19. Qd2 Bxf4 20. Rxf4 e5 21. Rf2 Kg7
22. Qe3 a5 23. Raf1 f6 24. Qg3 Rbd8 25. Bg4 Ne8 26. Bf5 Kh8 27. Bxd7 Rxd7 28.
Qg4 Qe7 29. Kg1 Kg7 30. Nb5 Nd6 31. Nxd6 Rxd6 32. Rf3 Qd7 33. Qxd7+ Rxd7 34. g4
g5 35. Kg2 Rd6 36. Rf5 Rh8 37. h4 h6 38. Rh1 Rdd8 39. Rh3 Rd6 40. Rhf3 Rf8 41.
Rb3 Rh8 42. Rff3 Kg6 43. h5+ Kg7 44. Rb5 Ra8 45. Rf1 Kf7 46. Ra1 Ra6 47. Kf3
Ke7 48. Ke3 Rd8 49. b4 axb4 50. a5 Rb8 51. Rxb6 Raxb6 52. axb6 b3 53. Kd2 b2
54. Rb1 Rxb6 55. Kc3 Kd6 56. Rxb2 Ra6 57. Rb7 Ra3+ 58. Kb2 Re3 59. Rf7 Rxe4 60.
Rxf6+ Ke7 61. Rxh6 0-1

[Event "Nova Scotia Closed"]
[Site "Halifax CAN"]
[Date "2023.08.26"]
[Round "2"]
[White "Gonzalez-Cueto, Jose"]
[Black "Kapra, Jerjis"]
[Result "0-1"]
[WhiteElo "2004"]
[BlackElo "2246"]
[PlyCount "86"]
[EventDate "2023.08.25"]
[EventType "tourn"]
[EventRounds "5"]
[EventCountry "CAN"]

1. d4 Nf6 2. Nf3 d5 3. e3 c5 4. c3 Nbd7 5. Nbd2 g6 6. Bd3 Bg7 7. O-O O-O 8. Re1
Re8 9. e4 cxd4 10. Nxd4 e5 11. N4f3 Nc5 12. Bb5 Bd7 13. Bxd7 Qxd7 14. exd5 e4
15. Nd4 Qxd5 16. Qe2 Rad8 17. N2b3 Nd3 18. Rf1 Nd7 19. Be3 N7e5 20. Nc1 f5 21.
Bg5 Rc8 22. f4 Nc4 23. Nxd3 exd3 24. Qxd3 Nxb2 25. Qd2 Rxc3 26. Nb3 Qxd2 27.
Nxd2 Re2 28. Nf3 Rcc2 29. Ne1 Rc6 30. Nf3 h6 31. Bh4 Nd3 32. Rad1 Nxf4 33. Rd8+
Kh7 34. Nd4 Bxd4+ 35. Rxd4 g5 36. Rd7+ Kg6 37. Bf2 Rxa2 38. Rxb7 a5 39. Rb5
Rcc2 40. Rb6+ Kh5 41. Rd6 a4 42. Rdd1 Ne2+ 43. Kh1 Nc3 0-1

[Event "Nova Scotia Closed"]
[Site "Halifax CAN"]
[Date "2023.08.26"]
[Round "3"]
[White "Dec, Paul"]
[Black "Mayo, Alvah"]
[Result "1/2-1/2"]
[WhiteElo "2000"]
[BlackElo "2230"]
[PlyCount "49"]
[EventDate "2023.08.25"]
[EventType "tourn"]
[EventRounds "5"]
[EventCountry "CAN"]

1. e4 g6 2. d4 Bg7 3. Nc3 c5 4. dxc5 Bxc3+ 5. bxc3 Nf6 6. e5 Ne4 7. Qd4 Qa5 8.
Qb4 Qxc5 9. Qxc5 Nxc5 10. Be3 Nba6 11. Bc4 b6 12. Ne2 Bb7 13. O-O Rc8 14. Bd4
O-O 15. a4 Rc7 16. a5 Nb8 17. axb6 axb6 18. Rfb1 Be4 19. Rxb6 Bxc2 20. Ra8 Nb7
21. Bd5 Nc6 22. Rxf8+ Kxf8 23. Be3 Nbd8 24. f4 Bd3 25. Nd4 1/2-1/2

[Event "Nova Scotia Closed"]
[Site "Halifax CAN"]
[Date "2023.08.26"]
[Round "3"]
[White "Kapra, Jerjis"]
[Black "Dorrance, Adam"]
[Result "0-1"]
[WhiteElo "2246"]
[BlackElo "2397"]
[PlyCount "87"]
[EventDate "2023.08.25"]
[EventType "tourn"]
[EventRounds "5"]
[EventCountry "CAN"]

1. e4 c5 2. Nc3 Nc6 3. Bb5 Nd4 4. Nf3 a6 5. Bd3 g6 6. b4 cxb4 7. Nd5 Nxf3+ 8.
Qxf3 Bg7 9. Rb1 e6 10. Ne3 Ne7 11. Rxb4 d5 12. exd5 exd5 13. O-O O-O 14. Rb1 b5
15. Bb2 Be6 16. Bxg7 Kxg7 17. Ng4 Nc6 18. Rfe1 Qg5 19. h3 h5 20. Nh2 Rfc8 21.
Qe3 Qxe3 22. fxe3 Ne5 23. Rb2 Ra7 24. Be2 b4 25. Nf3 Nxf3+ 26. Bxf3 a5 27. h4
Rac7 28. Bd1 Bf5 29. d3 Rc3 30. Kf2 Be6 31. Ke2 Rd8 32. d4 Bf5 33. Kd2 Be4 34.
Bf3 Re8 35. Rf1 Ra3 36. g3 Bxf3 37. Rxf3 Re4 38. Rb3 Rxa2 39. Rf1 Rg4 40. Rf3
Ra1 41. c3 g5 42. hxg5 h4 43. cxb4 Rxg3 44. Rf2 0-1

[Event "Nova Scotia Closed"]
[Site "Halifax CAN"]
[Date "2023.08.26"]
[Round "3"]
[White "Ramirez-Orta, Juan"]
[Black "Gonzalez-Cueto, Jose"]
[Result "1-0"]
[WhiteElo "2059"]
[BlackElo "2004"]
[PlyCount "55"]
[EventDate "2023.08.25"]
[EventType "tourn"]
[EventRounds "5"]
[EventCountry "CAN"]

1. e4 e5 2. d4 exd4 3. Nf3 Bb4+ 4. c3 dxc3 5. Nxc3 Qe7 6. Bd3 Nf6 7. O-O Bxc3
8. bxc3 d6 9. Ba3 O-O 10. e5 Ne8 11. Re1 Qd8 12. Qe2 Nc6 13. Rad1 Bg4 14. Bxh7+
Kh8 15. Bc2 Qc8 16. Qe4 f5 17. exf6 Nxf6 18. Qd3 Re8 19. Bc1 Ne5 20. Nxe5 dxe5
21. f3 e4 22. Qf1 exf3 23. gxf3 Rxe1 24. Qxe1 Bf5 25. Qh4+ Kg8 26. Bb3+ Be6 27.
Rd8+ Qxd8 28. Bxe6+ 1-0

[Event "Nova Scotia Closed"]
[Site "Halifax CAN"]
[Date "2023.08.27"]
[Round "4"]
[White "Dorrance, Adam"]
[Black "Ramirez-Orta, Juan"]
[Result "1-0"]
[WhiteElo "2397"]
[BlackElo "2059"]
[PlyCount "87"]
[EventDate "2023.08.25"]
[EventType "tourn"]
[EventRounds "5"]
[EventCountry "CAN"]

1. Nf3 Nf6 2. g3 b6 3. Bg2 Bb7 4. O-O c5 5. c4 g6 6. d3 Bg7 7. e4 d6 8. Nc3 O-O
9. Nh4 Nc6 10. f4 Nd7 11. Kh1 Nd4 12. Ne2 f5 13. Nxd4 cxd4 14. exf5 Bxg2+ 15.
Kxg2 gxf5 16. Qe2 Rf7 17. Bd2 Nf8 18. Rae1 Qd7 19. Nf3 Re8 20. Bb4 h6 21. Kg1
e5 22. Nxd4 d5 23. Nb5 Re6 24. Bxf8 Rxf8 25. fxe5 a6 26. Nc3 dxc4 27. dxc4 Qd4+
28. Qe3 Qxc4 29. Rf4 Qc7 30. Qd3 Rxe5 31. Rxe5 Qxe5 32. Qxa6 Qe3+ 33. Kg2 Be5
34. Qc4+ Kg7 35. Nd5 Qd2+ 36. Rf2 Qd1 37. Ne3 Qd7 38. Qd5 Qxd5+ 39. Nxd5 Bd4
40. Rd2 Be5 41. Nxb6 Rb8 42. Nc4 Bf6 43. b3 h5 44. Rf2 1-0

[Event "Nova Scotia Closed"]
[Site "Halifax CAN"]
[Date "2023.08.27"]
[Round "4"]
[White "Gonzalez-Cueto, Jose"]
[Black "Dec, Paul"]
[Result "1/2-1/2"]
[WhiteElo "2004"]
[BlackElo "2000"]
[PlyCount "124"]
[EventDate "2023.08.25"]
[EventType "tourn"]
[EventRounds "5"]
[EventCountry "CAN"]

1. d4 g6 2. Nf3 Bg7 3. e4 d6 4. Nc3 a6 5. Be3 b5 6. a4 b4 7. Nd5 a5 8. c3 c6 9.
Nf4 bxc3 10. bxc3 Nf6 11. e5 Ne4 12. Qc2 d5 13. Bd3 O-O 14. Ne2 f5 15. exf6
Nxf6 16. h4 Ng4 17. Bg5 Bf5 18. Bxf5 gxf5 19. Rb1 Qc7 20. Nf4 h6 21. Ne6 Qc8
22. Nxf8 hxg5 23. Ng6 Qe6+ 24. Nge5 Nxe5 25. Nxe5 Nd7 26. Kf1 Nxe5 27. Re1 g4
28. h5 c5 29. dxe5 Bh6 30. g3 d4 31. cxd4 cxd4 32. Kg1 Rc8 33. Qd3 Rc4 34. Ra1
Rb4 35. Kh2 Qxe5 36. Rhe1 Qc5 37. Qa6 Rb6 38. Qa8+ Kf7 39. Qh8 Bg7 40. Qd8 Rb2
41. Rac1 Qd6 42. Qxd6 exd6 43. Rc7+ Kf6 44. Kg2 d3 45. Rd7 Bf8 46. Re8 d2 47.
Rxf8+ Ke6 48. Rxd6+ Kxd6 49. Rd8+ Ke7 50. Rd5 Kf6 51. Kf1 Ra2 52. Rd4 Rxa4 53.
Rxd2 Kg5 54. Rd5 Ra2 55. h6 Kxh6 56. Rxf5 a4 57. Ra5 a3 58. Ke1 Kg6 59. Ra4 Kf5
60. Rf4+ Kg5 61. Ra4 Ra1+ 62. Ke2 a2 1/2-1/2

[Event "Nova Scotia Closed"]
[Site "Halifax CAN"]
[Date "2023.08.27"]
[Round "4"]
[White "Mayo, Alvah"]
[Black "Kapra, Jerjis"]
[Result "0-1"]
[WhiteElo "2230"]
[BlackElo "2246"]
[PlyCount "76"]
[EventDate "2023.08.25"]
[EventType "tourn"]
[EventRounds "5"]
[EventCountry "CAN"]

1. Nf3 d5 2. b3 Bf5 3. Bb2 e6 4. g3 h6 5. Bg2 Nf6 6. O-O Be7 7. d3 O-O 8. Nbd2
Nbd7 9. Re1 Bh7 10. c4 c6 11. Rc1 a5 12. a3 Qb6 13. h3 Rfd8 14. Qc2 Bc5 15. Rf1
Nh5 16. Qc3 d4 17. Qc2 e5 18. Rb1 Bf8 19. Bc1 Nhf6 20. Re1 Re8 21. Nh2 Re6 22.
Nhf1 Rae8 23. Ne4 Nxe4 24. Bxe4 f5 25. Bg2 e4 26. Rd1 c5 27. Bd2 Kh8 28. Kh2
Bd6 29. Kg1 Qc7 30. b4 axb4 31. axb4 f4 32. g4 f3 33. exf3 exf3 34. Bxf3 Ne5
35. Be2 cxb4 36. Bxb4 Bxb4 37. Rxb4 Nc6 38. Qb1 Nxb4 0-1

[Event "Nova Scotia Closed"]
[Site "Halifax CAN"]
[Date "2023.08.27"]
[Round "5"]
[White "Gonzalez-Cueto, Jose"]
[Black "Dorrance, Adam"]
[Result "0-1"]
[WhiteElo "2004"]
[BlackElo "2397"]
[PlyCount "76"]
[EventDate "2023.08.25"]
[EventType "tourn"]
[EventRounds "5"]
[EventCountry "CAN"]

1. d4 d5 2. Nf3 Nf6 3. e3 c5 4. c3 g6 5. Nbd2 Bg7 6. Bb5+ Nbd7 7. O-O O-O 8.
Re1 Qc7 9. e4 dxe4 10. Nxe4 Nxe4 11. Rxe4 cxd4 12. Nxd4 Nc5 13. Re1 a6 14. Bf1
Rd8 15. Qe2 e5 16. Nb3 Nd3 17. Rd1 Nxc1 18. Raxc1 Be6 19. g3 a5 20. Qb5 b6 21.
Qa4 Bh6 22. Ra1 f5 23. Bb5 Kg7 24. Bc6 Rac8 25. Bf3 Bc4 26. Rxd8 Rxd8 27. Qc6
Qxc6 28. Bxc6 Rc8 29. Bb7 Rc7 30. Ba8 a4 31. Nc1 Rd7 32. Bf3 e4 33. Be2 Bxe2
34. Nxe2 Rd2 35. Nd4 Rxb2 36. h4 Bd2 37. c4 e3 38. Nf3 e2 0-1

[Event "Nova Scotia Closed"]
[Site "Halifax CAN"]
[Date "2023.08.27"]
[Round "5"]
[White "Kapra, Jerjis"]
[Black "Dec, Paul"]
[Result "1/2-1/2"]
[WhiteElo "2246"]
[BlackElo "2000"]
[PlyCount "43"]
[EventDate "2023.08.25"]
[EventType "tourn"]
[EventRounds "5"]
[EventCountry "CAN"]

1. e4 e6 2. d4 d5 3. e5 c5 4. c3 Nc6 5. Nf3 Bd7 6. Be2 Nge7 7. Na3 cxd4 8. cxd4
Nf5 9. Nc2 Be7 10. O-O O-O 11. g4 Nh4 12. Nxh4 Bxh4 13. f4 f6 14. exf6 Bxf6 15.
Be3 Qb6 16. Bd3 g6 17. h4 Nb4 18. Nxb4 Qxb4 19. Bc2 Rac8 20. Bb3 a5 21. a3 Qb6
22. g5 1/2-1/2

[Event "Nova Scotia Closed"]
[Site "Halifax CAN"]
[Date "2023.08.27"]
[Round "5"]
[White "Ramirez-Orta, Juan"]
[Black "Mayo, Alvah"]
[Result "1/2-1/2"]
[WhiteElo "2059"]
[BlackElo "2230"]
[PlyCount "126"]
[EventDate "2023.08.25"]
[EventType "tourn"]
[EventRounds "5"]
[EventCountry "CAN"]

1. e4 g6 2. d4 Bg7 3. c4 c5 4. Nf3 cxd4 5. Nxd4 Nc6 6. Be3 Qb6 7. Nb5 Qa5+ 8.
N1c3 a6 9. Nd4 Nf6 10. Nb3 Qd8 11. Be2 d6 12. f3 O-O 13. Qd2 Re8 14. Nd5 Nxd5
15. cxd5 Ne5 16. Nd4 Bd7 17. O-O Rc8 18. b3 Qc7 19. f4 Ng4 20. Rac1 Qb8 21.
Bxg4 Bxg4 22. f5 gxf5 23. exf5 Rxc1 24. Qxc1 Qc8 25. Qb1 e5 26. dxe6 fxe6 27.
f6 Bf5 28. Nxf5 exf5 29. Bd4 Re4 30. Qd3 Bh6 31. Qg3+ Kf7 32. Qxd6 Qe6 33. Qc7+
Kg6 34. Ba1 Qf7 35. Qb8 Be3+ 36. Kh1 Bg5 37. Qd6 Bxf6 38. h3 Qe6 39. Qg3+ Bg5
40. Rd1 f4 41. Qd3 Kh5 42. Qf3+ Kh6 43. Qc3 Qg6 44. Qc7 Re7 45. Qc4 Qf5 46.
Rd6+ Kh5 47. Qf1 Qe4 48. Bf6 Qe2 49. Kg1 Re3 50. Bxg5 Qxf1+ 51. Kxf1 Kxg5 52.
Rd7 h5 53. Rxb7 f3 54. Kf2 fxg2 55. Rg7+ Kf4 56. Rf7+ Kg5 57. Kxg2 a5 58. Rf2
Rc3 59. Rb2 Kh4 60. b4 Rg3+ 61. Kf1 axb4 62. Rxb4+ Kxh3 63. Rb3 Rxb3 1/2-1/2

[Event "Nova Scotia op"]
[Site "Halifax CAN"]
[Date "2023.06.09"]
[Round "1"]
[White "Kapra, Jerjis"]
[Black "Yamanaka, Shin"]
[Result "1-0"]
[WhiteElo "2200"]
[BlackElo "1706"]
[PlyCount "44"]
[EventDate "2023.06.09"]
[EventType "swiss"]
[EventRounds "5"]
[EventCountry "CAN"]

1. e4 c6 2. d4 d5 3. f3 dxe4 4. fxe4 e5 5. Nf3 exd4 6. Bc4 Be6 7. Bxe6 fxe6 8.
O-O Qd6 9. e5 Qd7 10. Ng5 Nh6 11. Qh5+ g6 12. Qh3 Nf5 13. g4 Nh6 14. Ne4 Ng8
15. Bg5 h5 16. Nbd2 b5 17. gxh5 Rh7 18. Rf6 Rxh5 19. Qg4 Qh7 20. Qxe6+ Ne7 21.
Nd6+ Kd8 22. Rxf8+ Kc7 1-0

[Event "Nova Scotia op"]
[Site "Halifax CAN"]
[Date "2023.06.09"]
[Round "1"]
[White "MacLean, Donald"]
[Black "Sarja, Sriram"]
[Result "0-1"]
[WhiteElo "1722"]
[BlackElo "2263"]
[PlyCount "106"]
[EventDate "2023.06.09"]
[EventType "swiss"]
[EventRounds "5"]
[EventCountry "CAN"]

1. e4 c5 2. Nf3 d6 3. Bc4 Nf6 4. e5 dxe5 5. Nxe5 e6 6. O-O Nbd7 7. Nxd7 Bxd7 8.
c3 Rc8 9. a4 Qc7 10. Na3 a6 11. Be2 Bd6 12. h3 O-O 13. d4 Rfd8 14. Nc4 Bh2+ 15.
Kh1 Bc6 16. Bg5 cxd4 17. Bxf6 gxf6 18. cxd4 Be5 19. Nxe5 fxe5 20. Qc1 Qe7 21.
Qe3 exd4 22. Qg3+ Kh8 23. Bf3 Qd6 24. Bxc6 Rxc6 25. Qf3 Qe7 26. Ra3 Rcd6 27.
Rd3 Rd5 28. Re1 R8d7 29. g4 Kg7 30. Qg2 Qb4 31. Qe4 Qxa4 32. f4 Qc6 33. f5 exf5
34. gxf5 Rxf5 35. Qxc6 bxc6 36. Ra1 a5 37. Ra4 Rfd5 38. Rc4 R7d6 39. Kg2 Kf6
40. Kf3 Ke5 41. Rc1 Rf6+ 42. Ke2 Ke4 43. Rcd1 Rg6 44. Kd2 Rg2+ 45. Kc1 c5 46.
b3 a4 47. bxa4 c4 48. Ra3 d3 49. a5 Rc2+ 50. Kb1 Rb5+ 51. Ka1 d2 52. Rxd2 Rxd2
53. a6 Rf5 0-1